| 000 | 00622nam a2200217Ia 4500 | ||
|---|---|---|---|
| 003 | OSt | ||
| 005 | 20250501104511.0 | ||
| 008 | 220927b |||||||| |||| 00| 0 hin d | ||
| 020 | _a9789350641804 | ||
| 040 |
_aSDCL _cSDCL _bhin |
||
| 041 |
_2hin _ahin |
||
| 084 | _aO168,1NAN Q7 LR | ||
| 100 |
_aNandan, Kanhaiya Lal Ed. _9398445 |
||
| 245 | 0 | _aKrishna bihari 'Noor' | |
| 246 | _aकृष्ण बिहारी 'नूर' | ||
| 260 |
_aDelhi : _bRajpal, _c2017. |
||
| 300 | _a160p. | ||
| 650 | _aReference | ||
| 942 |
_cGB _2CC _n0 |
||
| 999 |
_c714309 _d714309 |
||